[Event "Ufa Penzina Memorial"]
[Site "Ufa"]
[Date "2023.08.10"]
[Round "5"]
[White "Testova, Nika"]
[Black "Volodina, Nadezhda"]
[Result "0-1"]
[WhiteElo "1730"]
[BlackElo "1475"]
[PlyCount "74"]
[EventDate "2023.08.06"]
[EventType "swiss"]
[EventRounds "9"]
[EventCountry "RUS"]
[SourceTitle "CBM 215 Extra"]
[Source "ChessBase"]
[SourceDate "2023.09.30"]
[SourceVersion "1"]
[SourceVersionDate "2023.09.30"]
[SourceQuality "1"]

1. e4 e5 2. Nc3 Nc6 3. Bc4 Bc5 4. d3 Nf6 5. f4 d6 6. Nf3 h6 7. Na4 Bb6 8. Nxb6 axb6 9. 0-0 0-0 10. f5 Na5 11. Qe2 Bd7 12. Bd2 Nxc4 13. dxc4 Bc6 14. g4 Nxe4 15. f6 Qxf6 16. Nd4 Qg6 17. Nf5 Rae8 18. Bc1 Ng5 19. h4 Nf3+ 20. Rxf3 Qxg4+ 21. Kf2 Bxf3 22. Qxf3 Qxf3+ 23. Kxf3 Re6 24. Ke4 g6 25. Nxh6+ Kg7 26. Bg5 f5+ 27. Kf3 Rh8 28. h5 gxh5 29. Nxf5+ Kg6 30. Ke4 Kxg5 31. Rg1+ Kf6 32. Rf1 c6 33. c3 Kg6 34. Rg1+ Kf7 35. Rf1 Rf6 36. Nxd6+ Ke6 37. Nf5 Rg8 0-1

[Event "Ufa Penzina Memorial"]
[Site "Ufa"]
[Date "2023.08.09"]
[Round "4"]
[White "Osmanova, Alina"]
[Black "Testova, Nika"]
[Result "0-1"]
[WhiteElo "1191"]
[BlackElo "1730"]
[PlyCount "32"]
[EventDate "2023.08.06"]
[EventType "swiss"]
[EventRounds "9"]
[EventCountry "RUS"]
[SourceTitle "CBM 215 Extra"]
[Source "ChessBase"]
[SourceDate "2023.09.30"]
[SourceVersion "1"]
[SourceVersionDate "2023.09.30"]
[SourceQuality "1"]

1. e4 c5 2. Nf3 e6 3. Nc3 a6 4. d4 cxd4 5. Nxd4 Qc7 6. Be2 Nf6 7. 0-0 b5 8. a3 Bb7 9. f3 Bc5 10. Kh1 0-0 11. Bg5 Be7 12. Bh4 d6 13. Bg3 Nbd7 14. Bd3 Nc5 15. Rc1 Nh5 16. Nde2 Bc8 0-1

[Event "Ufa Penzina Memorial"]
[Site "Ufa"]
[Date "2023.08.08"]
[Round "3"]
[White "Testova, Nika"]
[Black "Vasilieva, Darya"]
[Result "0-1"]
[WhiteElo "1730"]
[BlackElo "1363"]
[PlyCount "68"]
[EventDate "2023.08.06"]
[EventType "swiss"]
[EventRounds "9"]
[EventCountry "RUS"]
[SourceTitle "CBM 215 Extra"]
[Source "ChessBase"]
[SourceDate "2023.09.30"]
[SourceVersion "1"]
[SourceVersionDate "2023.09.30"]
[SourceQuality "1"]

1. e4 c5 2. Nf3 e6 3. d4 cxd4 4. Nxd4 Nf6 5. Nc3 Nc6 6. Ndb5 d6 7. Bf4 e5 8. Bg5 a6 9. Na3 b5 10. Nd5 Be7 11. Bxf6 Bxf6 12. c3 0-0 13. h4 Rb8 14. Nc2 g6 15. Qd2 Bg7 16. a4 bxa4 17. Ncb4 Nxb4 18. Nxb4 Bb7 19. Rxa4 Qd7 20. Ra3 Bxe4 21. Rxa6 Rbd8 22. Nd5 Qb7 23. Ne3 d5 24. f3 d4 25. Nd1 dxc3 26. Qxc3 Bf5 27. Be2 e4 28. Qa5 exf3 29. gxf3 Bd3 30. Ra7 Qb8 31. Qc7 Qb4+ 32. Nc3 Bxe2 33. Rb7 Bxc3+ 34. bxc3 Qc4 0-1

[Event "Motiva Online Blitz (Women)"]
[Site "Chess.com INT"]
[Date "2021.12.18"]
[Round "1"]
[White "Richterova, Natasa1111"]
[Black "Testova, Nika"]
[Result "0-1"]
[WhiteElo "1247"]
[BlackElo "1674"]
[PlyCount "46"]
[EventDate "2021.12.18"]
[EventType "swiss (blitz)"]
[EventRounds "13"]
[EventCountry "USA"]
[SourceTitle "CBM 205 Extra"]
[Source "ChessBase"]
[SourceDate "2022.01.31"]
[SourceVersion "1"]
[SourceVersionDate "2022.01.31"]
[SourceQuality "1"]

1. d4 Nf6 2. Bg5 e6 3. Nf3 Be7 4. e3 0-0 5. Bd3 d5 6. c3 c5 7. Nbd2 b6 8. 0-0 Bb7 9. Re1 Nbd7 10. e4 dxe4 11. Nxe4 Nxe4 12. Bxe7 Qxe7 13. Bxe4 Bxe4 14. Rxe4 Nf6 15. Re2 Rfd8 16. Qc2 h6 17. h3 Rac8 18. dxc5 Qxc5 19. Rd1 Nd5 20. Red2 Re8 21. Nd4 Nf4 22. Nb3 Qg5 23. Nd4 Qxg2# 0-1

[Event "Motiva Online Blitz (Women)"]
[Site "Chess.com INT"]
[Date "2021.12.18"]
[Round "13"]
[White "Testova, Nika"]
[Black "Kazarian, Anna Maja"]
[Result "0-1"]
[WhiteElo "1674"]
[BlackElo "2138"]
[PlyCount "64"]
[EventDate "2021.12.18"]
[EventType "swiss (blitz)"]
[EventRounds "13"]
[EventCountry "USA"]
[SourceTitle "CBM 205 Extra"]
[Source "ChessBase"]
[SourceDate "2022.01.31"]
[SourceVersion "1"]
[SourceVersionDate "2022.01.31"]
[SourceQuality "1"]

1. e4 e6 2. d4 d5 3. Nc3 Nf6 4. e5 Nfd7 5. f4 c5 6. Nf3 Nc6 7. Be3 Be7 8. Qd2 0-0 9. dxc5 Bxc5 10. Nd4 Qe7 11. 0-0-0 a6 12. h4 Nxd4 13. Bxd4 b5 14. h5 f6 15. h6 Bxd4 16. Qxd4 fxe5 17. fxe5 Qg5+ 18. Kb1 Qxe5 19. hxg7 Rf7 20. Qh4 Rxg7 21. Qd8+ Nf8 22. Bd3 Bb7 23. Qb6 Rb8 24. Qf2 b4 25. Ne2 a5 26. Nf4 Qf6 27. Qe3 d4 28. Qd2 Qg5 29. g3 Bxh1 30. Rxh1 e5 31. Bc4+ Kh8 32. Ng6+ Qxg6 0-1

[Event "Isolated Queens Internet op 2nd"]
[Site "Chess.com INT"]
[Date "2020.05.02"]
[Round "9"]
[White "McGreen, Mariah"]
[Black "Testova, Nika"]
[Result "0-1"]
[WhiteElo "1654"]
[BlackElo "1812"]
[PlyCount "102"]
[EventDate "2020.05.02"]
[EventType "swiss"]
[EventRounds "10"]
[EventCountry "USA"]
[SourceTitle "CBM 195 Extra"]
[Source "ChessBase"]
[SourceDate "2020.05.31"]
[SourceVersion "1"]
[SourceVersionDate "2020.05.31"]
[SourceQuality "1"]

1. e4 c5 2. c3 Nf6 3. e5 Nd5 4. d4 cxd4 5. cxd4 e6 6. Nf3 Qc7 7. a3 Nc6 8. Bd3 d6 9. Qe2 Be7 10. 0-0 0-0 11. Nc3 Nxc3 12. bxc3 dxe5 13. dxe5 Rd8 14. Qe4 g6 15. Bg5 Bxg5 16. Nxg5 Qxe5 17. Qh4 Qg7 18. Bb5 Bd7 19. Rad1 a6 20. Ba4 b5 21. Bb3 h6 22. Ne4 g5 23. Qg3 Qe5 24. Qf3 Kg7 25. Rd2 Qf5 26. Qe3 Ne5 27. Rfd1 a5 28. Nc5 Ra7 29. Nxd7 Raxd7 30. Rxd7 Rxd7 31. Rxd7 Nxd7 32. Qd4+ Nf6 33. h3 Qb1+ 34. Qd1 Qxd1+ 35. Bxd1 Ne4 36. Be2 Nxc3 37. Bd3 b4 38. axb4 axb4 39. Bc4 Kf6 40. Kf1 Ke5 41. Ke1 Kd4 42. Bb3 Nd5 43. Kd2 Nf4 44. g3 Nxh3 45. f3 h5 46. Kc2 Ke3 47. f4 gxf4 48. gxf4 Nxf4 49. Ba4 h4 50. Be8 f6 51. Bc6 Nd5 0-1

[Event "Isolated Queens Internet op 2nd"]
[Site "Chess.com INT"]
[Date "2020.05.02"]
[Round "8"]
[White "Root, Alexey"]
[Black "Testova, Nika"]
[Result "1/2-1/2"]
[WhiteElo "2025"]
[BlackElo "1812"]
[PlyCount "77"]
[EventDate "2020.05.02"]
[EventType "swiss"]
[EventRounds "10"]
[EventCountry "USA"]
[SourceTitle "CBM 195 Extra"]
[Source "ChessBase"]
[SourceDate "2020.05.31"]
[SourceVersion "1"]
[SourceVersionDate "2020.05.31"]
[SourceQuality "1"]

1. d4 Nf6 2. Nf3 e6 3. c4 Bb4+ 4. Bd2 Be7 5. Nc3 d5 6. e3 0-0 7. Bd3 c5 8. 0-0 b6 9. cxd5 exd5 10. dxc5 bxc5 11. e4 d4 12. Ne2 Bb7 13. Qc2 h6 14. Rac1 Nc6 15. a3 Bd6 16. Ng3 Bc8 17. Nf5 Bxf5 18. exf5 Qc7 19. h3 Rac8 20. b4 cxb4 21. axb4 Nxb4 22. Qxc7 Rxc7 23. Rxc7 Nxd3 24. Rxa7 Bc5 25. Rc7 Ne4 26. Rxc5 Nexc5 27. Nxd4 Rd8 28. Be3 f6 29. g4 Kf7 30. Rd1 Rd5 31. Kg2 Nb4 32. Rc1 Nbd3 33. Ra1 Rd7 34. Ra3 Nb4 35. f4 Nd5 36. Bd2 Nxf4+ 37. Bxf4 Rxd4 38. Be3 Rc4 39. Ra7+ 1/2-1/2

[Event "Moscow op-B (Women) 14th"]
[Site "Moscow"]
[Date "2018.02.04"]
[Round "9"]
[White "Grunina, Margarita"]
[Black "Testova, Nika"]
[Result "0-1"]
[WhiteElo "1729"]
[BlackElo "1713"]
[PlyCount "44"]
[EventDate "2018.01.27"]
[EventType "swiss"]
[EventRounds "9"]
[EventCountry "RUS"]
[SourceTitle "CBM 182 Extra"]
[Source "ChessBase"]
[SourceDate "2018.02.23"]
[SourceVersion "1"]
[SourceVersionDate "2018.02.23"]
[SourceQuality "1"]

1. e4 c5 2. Nf3 e6 3. d4 cxd4 4. Nxd4 a6 5. c4 Nf6 6. Nc3 Bb4 7. Qd3 Qc7 8. a3 Bxc3+ 9. bxc3 Nc6 10. f4 d6 11. Be2 Bd7 12. Be3 Rc8 13. Nb3 Na5 14. Nxa5 Qxa5 15. 0-0 b5 16. Qd4 bxc4 17. Bxc4 e5 18. Qd3 0-0 19. fxe5 Ng4 20. Rxf7 Rxf7 21. e6 Qe5 22. exd7 Qxh2# 0-1

[Event "Moscow op-B (Women) 14th"]
[Site "Moscow"]
[Date "2018.01.29"]
[Round "3"]
[White "Testova, Nika"]
[Black "Chan, Naruna"]
[Result "0-1"]
[WhiteElo "1713"]
[BlackElo "1929"]
[PlyCount "58"]
[EventDate "2018.01.27"]
[EventType "swiss"]
[EventRounds "9"]
[EventCountry "RUS"]
[SourceTitle "CBM 182 Extra"]
[Source "ChessBase"]
[SourceDate "2018.02.23"]
[SourceVersion "1"]
[SourceVersionDate "2018.02.23"]
[SourceQuality "1"]

1. d4 d5 2. Bf4 Nf6 3. e3 c6 4. Bd3 Bg4 5. Qc1 e6 6. Nd2 Nbd7 7. h3 Bh5 8. Ngf3 Bb4 9. c3 Ba5 10. g4 Bg6 11. Qc2 Bc7 12. Ne5 Nxe5 13. Bxe5 Bxe5 14. dxe5 Nd7 15. f4 Qb6 16. Ke2 Bxd3+ 17. Qxd3 Qxb2 18. Rhb1 Qa3 19. Nb3 b6 20. Nd4 Nc5 21. Qc2 Rc8 22. f5 Qa6+ 23. Kf3 Qb7 24. Qh2 Qc7 25. Ke2 0-0 26. Rf1 f6 27. Nxe6 Nxe6 28. fxe6 Rce8 29. Rf4 Qxe5 0-1

[Event "Moscow op-B (Women) 13th"]
[Site "Moscow"]
[Date "2017.02.03"]
[Round "7"]
[White "Velichko, Tatiana"]
[Black "Testova, Nika"]
[Result "0-1"]
[WhiteElo "1927"]
[BlackElo "1664"]
[PlyCount "102"]
[EventDate "2017.01.28"]
[EventType "swiss"]
[EventRounds "9"]
[EventCountry "RUS"]
[SourceTitle "EXT 2018"]
[Source "ChessBase"]
[SourceDate "2017.10.13"]
[SourceVersion "1"]
[SourceVersionDate "2017.10.13"]
[SourceQuality "1"]

1. e4 c5 2. Nf3 e6 3. d4 cxd4 4. Nxd4 a6 5. Bd3 Nf6 6. 0-0 Qc7 7. Qe2 d6 8. c4 Nc6 9. Nxc6 bxc6 10. Nc3 Be7 11. Be3 c5 12. f4 h5 13. Rae1 Ng4 14. Bd2 Bh4 15. g3 Bf6 16. e5 dxe5 17. h3 Nh6 18. fxe5 Bd8 19. Qxh5 Qd7 20. Re3 Bb7 21. Bc1 Be7 22. Rd1 0-0-0 23. Qe2 Bg5 24. Rf3 Bxc1 25. Be4 Qxd1+ 26. Nxd1 Bxe4 27. Qxe4 Rxd1+ 28. Kg2 Kc7 29. Rb3 Rb8 30. Rxb8 Kxb8 31. Qc6 Rd2+ 32. Kf3 Rxb2 33. Qxa6 Nf5 34. Qa4 Nd4+ 35. Kg4 Rf2 36. Qe8+ Kb7 37. Qd7+ Kb6 38. Qd6+ Nc6 39. a4 Bd2 40. h4 Ba5 41. Kh3 Rf5 42. Qf8 g6 43. Qe8 Bc3 44. Qd7 Rf2 45. g4 Bxe5 46. g5 Rh2+ 47. Kg4 Nd4 48. Qd8+ Kb7 49. Qd7+ Bc7 50. Qxf7 Rg2+ 51. Kh3 Rg3+ 0-1

[Event "Moscow op-B (Women) 13th"]
[Site "Moscow"]
[Date "2017.02.01"]
[Round "5"]
[White "Shafigullina, Zarina"]
[Black "Testova, Nika"]
[Result "1/2-1/2"]
[WhiteElo "2007"]
[BlackElo "1664"]
[PlyCount "58"]
[EventDate "2017.01.28"]
[EventType "swiss"]
[EventRounds "9"]
[EventCountry "RUS"]
[SourceTitle "EXT 2018"]
[Source "ChessBase"]
[SourceDate "2017.10.13"]
[SourceVersion "1"]
[SourceVersionDate "2017.10.13"]
[SourceQuality "1"]

1. d4 d5 2. Nf3 Nf6 3. g3 g6 4. Bg2 Bg7 5. 0-0 0-0 6. Nbd2 c6 7. c4 Nbd7 8. Qc2 Re8 9. b3 Nf8 10. Bb2 Bf5 11. Qd1 Qb6 12. Rc1 Qa6 13. a4 Rad8 14. Ne5 N6d7 15. Nd3 dxc4 16. Nb4 Qb6 17. Nxc4 Qc7 18. e4 Be6 19. d5 Bxb2 20. Nxb2 Nb8 21. Qe1 Bd7 22. e5 a5 23. N4d3 Bf5 24. Nf4 Nfd7 25. Nc4 g5 26. g4 Bxg4 27. Nh3 Nc5 28. Qe3 Bxh3 29. Bxh3 cxd5 1/2-1/2

[Event "Moscow op-B (Women) 13th"]
[Site "Moscow"]
[Date "2017.01.30"]
[Round "3"]
[White "Kaydanovich, Marina"]
[Black "Testova, Nika"]
[Result "0-1"]
[WhiteElo "1811"]
[BlackElo "1664"]
[PlyCount "26"]
[EventDate "2017.01.28"]
[EventType "swiss"]
[EventRounds "9"]
[EventCountry "RUS"]
[SourceTitle "EXT 2018"]
[Source "ChessBase"]
[SourceDate "2017.10.13"]
[SourceVersion "1"]
[SourceVersionDate "2017.10.13"]
[SourceQuality "1"]

1. d4 Nf6 2. c4 g6 3. Nc3 d5 4. cxd5 Nxd5 5. e4 Nxc3 6. bxc3 Bg7 7. Nf3 0-0 8. Be3 c5 9. e5 Qa5 10. Qd2 Nc6 11. Bd3 Rd8 12. 0-0 cxd4 13. cxd4 Qxd2 0-1